000 01022nam a22003017a 4500
003 CHAP
005 20220329141230.0
008 971010s1986 r 00010 d
010 _a64834
011 _a65806
035 _a73209
040 _cCHAP
082 0 4 _a001.424
_bP7
100 0 0 _aPrawda Witenberg, Juan.
_991328
245 1 _aMétodos y modelos de investigación de operaciones
260 _aMéxico, D. F. :
_bLimusa,
_c1986
300 _a2 v.
590 _aBATCH-UPD
_b10
_c20130110
_lUCH01
_h0808
590 _aBATCH-UPD
_b10
_c20130410
_lUCH01
_h0445
590 _aBATCH-UPD
_b10
_c20130914
_lUCH01
_h1850
590 _aCONVERSION
_b10
_c20130109
_lUCH01
_h1335
650 1 4 _aOperaciones
_xInvestigación.
_983361
901 _aBK
942 _cLIBRO
949 _a001.424 P7
_bBC
_cLIBRO
_d33724000225702
_eLIBRO
_fv.2
_h77601
_i73209
_si
949 _a001.424 P7
_bBC
_cLIBRO
_d33724000225710
_eLIBRO
_fv.1
_h77600
_i73209
_si
949 _a001.424 P7
_bBC
_cLIBRO
_d33724000813770
_eLIBRO
_fv.1 c.2
_gI.210205
_h99630
_i73209
_si
999 _c64834
_d64834